000 00380cam a2200145ua 4500
003 OSt
008 250610b |||||||| |||| 00| 0 eng d
041 _aeng
082 _a624.171
_bBEN/ST
100 _aBenjamin, Jack R .
_97559
245 _aStatically inter-terminate structures /
260 _aNew York :
_bMcGraw Hill Book Company ,
_c1959.
300 _a350 ; .
942 _cBK
999 _c9052
_d9052